[Event "Bohumin op-B 6th"]
[Site "Bohumin"]
[Date "2023.07.02"]
[Round "2"]
[White "Shystarova, Anna"]
[Black "Baraniuk, Andrej"]
[Result "1/2-1/2"]
[WhiteElo "1738"]
[BlackElo "1453"]
[PlyCount "42"]
[EventDate "2023.07.01"]
[EventType "swiss"]
[EventRounds "9"]
[EventCountry "CZE"]
[SourceTitle "EXT 2024"]
[Source "ChessBase"]
[SourceDate "2023.10.10"]
[SourceVersion "1"]
[SourceVersionDate "2023.10.10"]
[SourceQuality "1"]

1. d4 d5 2. Nf3 Nf6 3. c4 c6 4. Nc3 e6 5. Bg5 h6 6. Bh4 Be7 7. e3 Nbd7 8. c5 a5 9. a3 b6 10. b4 Bb7 11. Bd3 0-0 12. 0-0 Nh5 13. Bxe7 Qxe7 14. g4 Nhf6 15. g5 hxg5 16. Nxg5 g6 17. f4 Kg7 18. e4 dxe4 19. Ncxe4 Nd5 20. Nd6 N7f6 21. bxa5 Ne3 1/2-1/2

[Event "Hradec Kralove op 11th"]
[Site "Hradec Kralove"]
[Date "2022.11.07"]
[Round "3"]
[White "Kocek, Martin"]
[Black "Baraniuk, Andrej"]
[Result "1/2-1/2"]
[WhiteElo "1654"]
[BlackElo "1418"]
[PlyCount "65"]
[EventDate "2022.11.05"]
[EventType "swiss"]
[EventRounds "9"]
[EventCountry "CZE"]
[SourceTitle "CBM 211 Extra"]
[Source "ChessBase"]
[SourceDate "2023.01.31"]
[SourceVersion "1"]
[SourceVersionDate "2023.01.31"]
[SourceQuality "1"]

1. d4 d5 2. Bf4 c6 3. Nf3 Bf5 4. e3 Qb6 5. b3 e6 6. Bd3 Bxd3 7. Qxd3 Nf6 8. Nbd2 Nbd7 9. h3 Bb4 10. c3 Be7 11. 0-0 0-0 12. c4 c5 13. Rfc1 Bd6 14. Bxd6 Qxd6 15. Re1 cxd4 16. exd4 Rfd8 17. Ne5 dxc4 18. Ndxc4 Nxe5 19. Nxe5 Qxd4 20. Qf3 Qd5 21. Qe2 Rac8 22. Rad1 Qa5 23. Nc4 Qc7 24. Qb2 h6 25. Qa3 Rxd1 26. Rxd1 a6 27. Qb2 Rd8 28. Rc1 Qf4 29. Ne3 Qd4 30. Qb1 Qd3 31. Qb2 Qd4 32. Qb1 Qd3 33. Qb2 1/2-1/2

[Event "Hradec Kralove op 11th"]
[Site "Hradec Kralove"]
[Date "2022.11.05"]
[Round "1"]
[White "Voriskova, Anna"]
[Black "Baraniuk, Andrej"]
[Result "1-0"]
[WhiteElo "1804"]
[BlackElo "1418"]
[PlyCount "171"]
[EventDate "2022.11.05"]
[EventType "swiss"]
[EventRounds "9"]
[EventCountry "CZE"]
[SourceTitle "CBM 211 Extra"]
[Source "ChessBase"]
[SourceDate "2023.01.31"]
[SourceVersion "1"]
[SourceVersionDate "2023.01.31"]
[SourceQuality "1"]

1. d4 d5 2. c4 e6 3. Nc3 Nf6 4. cxd5 exd5 5. Bg5 c6 6. e3 Bf5 7. Qf3 Bg6 8. Bxf6 Qxf6 9. Qxf6 gxf6 10. Nf3 Nd7 11. Be2 Bd6 12. Nh4 Kf8 13. 0-0 Re8 14. Bg4 Nb6 15. Nf5 Bb8 16. Rfc1 Nc4 17. b3 Nd6 18. Nxd6 Bxd6 19. Bf3 Ba3 20. Na4 Bxc1 21. Rxc1 Re7 22. b4 Bd3 23. Nb2 Be4 24. Be2 a6 25. a4 Rg8 26. f3 Bf5 27. Kf2 Bd7 28. Nd3 Kg7 29. Nf4 Kh6 30. Bd3 f5 31. h3 Rge8 32. Re1 b5 33. a5 Kg5 34. g4 fxg4 35. hxg4 h6 36. Nh3+ Kf6 37. Nf4 Kg5 38. Ng2 f5 39. f4+ Kf6 40. Rh1 Rh8 41. Nh4 Re4 42. Nf3 fxg4 43. Bxe4 gxf3 44. Bxf3 Bf5 45. Rc1 Rc8 46. Rh1 Rh8 47. Rh4 Bg6 48. Bg4 Bf5 49. Kf3 Be4+ 50. Kg3 Bg6 51. Bd7 Be8 52. Bxe8 Rxe8 53. Rxh6+ Kf5 54. Rh5+ Kg6 55. Re5 Rc8 56. Kg4 Kf6 57. Rf5+ Kg6 58. Re5 Kf6 59. Rh5 Rg8+ 60. Kh4 Rg6 61. Rg5 Rh6+ 62. Kg4 Rh2 63. Rh5 Rg2+ 64. Kf3 Rc2 65. Rh8 Rc4 66. Ra8 Rxb4 67. Rxa6 Rc4 68. Rb6 Ke7 69. a6 Kd6 70. Rb7 Ra4 71. a7 b4 72. f5 Ra1 73. f6 b3 74. f7 Ke6 75. Rb8 b2 76. a8Q Rxa8 77. Rxa8 b1Q 78. f8Q Qe4+ 79. Kg3 Qxe3+ 80. Qf3 Qg1+ 81. Kh3 Qxd4 82. Re8+ Kd6 83. Qf8+ Kc7 84. Qe7+ Kb6 85. Rb8+ Ka6 86. Qa3+ 1-0

[Event "Prague-F"]
[Site "Prague"]
[Date "2019.03.10"]
[Round "3.3"]
[White "Klimes, Jan1111"]
[Black "Baraniuk, Andrej"]
[Result "1-0"]
[WhiteElo "1533"]
[BlackElo "1520"]
[PlyCount "91"]
[EventDate "2019.03.09"]
[EventType "tourn"]
[EventRounds "9"]
[EventCountry "CZE"]
[SourceTitle "CBM 189 Extra"]
[Source "ChessBase"]
[SourceDate "2019.06.03"]
[SourceVersion "1"]
[SourceVersionDate "2019.06.03"]
[SourceQuality "1"]

1. e4 c5 2. Nf3 e6 3. Nc3 a6 4. d4 cxd4 5. Nxd4 Qc7 6. a3 Nf6 7. Be3 b5 8. f3 Bb7 9. Qd2 Be7 10. b4 0-0 11. Bd3 Nc6 12. Nxc6 dxc6 13. 0-0 Rfd8 14. Qf2 Nd7 15. Ne2 c5 16. c3 c4 17. Bc2 Qb8 18. Rfd1 Bd6 19. h3 Bc7 20. Rd2 Ne5 21. Rad1 Rxd2 22. Rxd2 Ng6 23. Bb6 Bc6 24. Bxc7 Qxc7 25. Qc5 Rc8 26. Qd6 h6 27. Qxc7 Rxc7 28. Rd8+ Kh7 29. e5 Rd7 30. Rxd7 Bxd7 31. Nf4 Be8 32. Nxg6 fxg6 33. Be4 Kg8 34. Kf2 Kf8 35. Ke3 Ke7 36. Kd4 Kd8 37. Bb7 Kc7 38. Bxa6 Kb6 39. Bc8 Bf7 40. Bd7 g5 41. g3 Bh5 42. f4 gxf4 43. gxf4 Bf7 44. h4 g6 45. a4 bxa4 46. Bxa4 1-0

[Event "Panevezys Gigant op-B"]
[Site "Panevezys"]
[Date "2017.08.20"]
[Round "6"]
[White "Baraniuk, Andrej"]
[Black "Andrasunaite, Rusne"]
[Result "1-0"]
[WhiteElo "1528"]
[BlackElo "1169"]
[PlyCount "99"]
[EventDate "2017.08.18"]
[EventType "swiss"]
[EventRounds "7"]
[EventCountry "LTU"]
[SourceTitle "EXT 2019"]
[Source "ChessBase"]
[SourceDate "2018.10.10"]
[SourceVersion "1"]
[SourceVersionDate "2018.10.10"]
[SourceQuality "1"]

1. c4 e5 2. Nc3 Nf6 3. Nf3 Nc6 4. d3 Bb4 5. Bd2 0-0 6. a3 Bc5 7. b4 Be7 8. g3 Re8 9. b5 Nb8 10. Nxe5 d5 11. Bg2 Bc5 12. Nf3 dxc4 13. dxc4 c6 14. 0-0 Bf5 15. h3 cxb5 16. cxb5 Nbd7 17. g4 Bg6 18. Nh4 Ne5 19. Nxg6 Nxg6 20. Bxb7 Rb8 21. Bc6 Rf8 22. Bg5 h6 23. Qxd8 Rfxd8 24. Bxf6 gxf6 25. e3 Ne5 26. Bg2 Rbc8 27. Nd5 Kg7 28. a4 Rb8 29. Rfd1 Rd7 30. Nc3 Rbd8 31. Rxd7 Rxd7 32. Rd1 Rc7 33. Nd5 Rc8 34. Rb1 Rb8 35. Nc3 Bb6 36. Nd5 Bc5 37. Nb4 Bb6 38. Rc1 Rd8 39. Nd5 Ba5 40. Kf1 Kg6 41. Rd1 Kg7 42. Rc1 Kg6 43. Ke2 Rd7 44. f4 Nxg4 45. hxg4 f5 46. Rc6+ Kg7 47. gxf5 Rd8 48. f6+ Kg6 49. Be4+ Kh5 50. Ne7 1-0

[Event "Orlova op 14th"]
[Site "Orlova"]
[Date "2017.05.28"]
[Round "9"]
[White "Petrov, Nikolaj"]
[Black "Baraniuk, Andrej"]
[Result "1/2-1/2"]
[WhiteElo "1798"]
[BlackElo "1581"]
[PlyCount "153"]
[EventDate "2017.05.20"]
[EventType "swiss"]
[EventRounds "9"]
[EventCountry "CZE"]
[SourceTitle "CBM 178 Extra"]
[Source "ChessBase"]
[SourceDate "2017.06.22"]
[SourceVersion "1"]
[SourceVersionDate "2017.06.22"]
[SourceQuality "1"]

1. Nf3 d6 2. c4 e5 3. d3 Be7 4. g3 Nf6 5. Bg2 c6 6. 0-0 0-0 7. Nc3 Re8 8. e4 Bg4 9. Qc2 Qc8 10. Re1 Bxf3 11. Bxf3 Qh3 12. Bg2 Qh5 13. Ne2 Ng4 14. h3 Nf6 15. Kh2 Nbd7 16. Rh1 Nf8 17. Kg1 Ne6 18. f4 exf4 19. Bxf4 g5 20. Be3 Qg6 21. Qd2 h6 22. Rf1 Ng7 23. h4 Ng4 24. Bd4 Bf6 25. Bxf6 Nxf6 26. hxg5 hxg5 27. Bh3 Re5 28. Nd4 g4 29. Bg2 Rh5 30. Qf4 Rxh1+ 31. Bxh1 Nfh5 32. Qe3 Re8 33. Nf5 Nxf5 34. exf5 Rxe3 35. fxg6 Rxg3+ 36. Kf2 fxg6 37. Be4 Kg7 38. Rh1 Rh3 39. Rg1 Rh2+ 40. Ke3 Nf6 41. Bg2 g5 42. b4 d5 43. a4 Kf7 44. Kd4 Ke7 45. cxd5 cxd5 46. Bxd5 Nxd5 47. Kxd5 Rh3 48. Ke4 g3 49. d4 Kd6 50. b5 Rh4+ 51. Ke3 Rg4 52. a5 Kd5 53. Rg2 Re4+ 54. Kf3 g4+ 55. Kxg3 Rxd4 56. Rf2 Kc5 57. Rf7 Kxb5 58. Rxb7+ Ka6 59. Re7 Ra4 60. Rf7 Rxa5 61. Kxg4 Rb5 62. Kf4 Kb6 63. Ke4 a5 64. Kd3 Rb4 65. Kc3 Kb5 66. Rb7+ Ka4 67. Rxb4+ axb4+ 68. Kb2 b3 69. Kb1 Ka3 70. Ka1 Kb4 71. Kb2 Kc4 72. Kb1 Kc3 73. Kc1 Kb4 74. Kb2 Ka4 75. Kb1 Ka3 76. Ka1 b2+ 77. Kb1 1/2-1/2

[Event "Plzen op 8th"]
[Site "Plzen"]
[Date "2016.10.09"]
[Round "1"]
[White "Baraniuk, Andrej"]
[Black "Bartonicek, Zdenek"]
[Result "0-1"]
[WhiteElo "1611"]
[BlackElo "1917"]
[PlyCount "104"]
[EventDate "2016.10.09"]
[EventType "swiss"]
[EventRounds "7"]
[EventCountry "CZE"]
[SourceTitle "EXT 2017"]
[Source "ChessBase"]
[SourceDate "2016.10.25"]
[SourceVersion "1"]
[SourceVersionDate "2016.10.25"]
[SourceQuality "1"]

1. e4 e5 2. Nf3 Nc6 3. Bb5 a6 4. Ba4 Nf6 5. 0-0 Be7 6. Re1 d6 7. d4 b5 8. Bb3 Bg4 9. c3 0-0 10. Qd3 Nd7 11. Nbd2 Bf6 12. h3 Bxf3 13. Nxf3 Na5 14. Bc2 c5 15. Be3 Nc4 16. b3 Nxe3 17. Qxe3 Qc7 18. d5 Rfe8 19. Rac1 Nf8 20. Bb1 Ng6 21. g3 c4 22. Rc2 Rec8 23. b4 a5 24. a3 axb4 25. axb4 Ra3 26. Ree2 Ra1 27. Qc1 Rca8 28. Ra2 R1xa2 29. Rxa2 Rxa2 30. Bxa2 Qa7 31. Qc2 Bd8 32. Kg2 Bb6 33. h4 Qd7 34. Nh2 Qa7 35. Bb1 Qa3 36. h5 Nf8 37. Ng4 Bd8 38. Ne3 g6 39. hxg6 hxg6 40. Ng4 Bg5 41. f3 Nd7 42. Nf2 Nb6 43. Nd1 Na4 44. Kh3 Bc1 45. Kg4 Bb2 46. f4 Bxc3 47. Nxc3 Qxc3 48. Qxc3 Nxc3 49. fxe5 Nxb1 50. exd6 Kf8 51. e5 Ke8 52. Kf4 c3 0-1

[Event "Orlova op 13th"]
[Site "Orlova"]
[Date "2016.05.23"]
[Round "3"]
[White "Neumann, Filip"]
[Black "Baraniuk, Andrej"]
[Result "1-0"]
[WhiteElo "1751"]
[BlackElo "1604"]
[PlyCount "87"]
[EventDate "2016.05.21"]
[EventType "swiss"]
[EventRounds "9"]
[EventCountry "CZE"]
[SourceTitle "EXT 2017"]
[Source "ChessBase"]
[SourceDate "2016.10.25"]
[SourceVersion "1"]
[SourceVersionDate "2016.10.25"]
[SourceQuality "1"]

1. e4 c5 2. Nf3 e6 3. d4 cxd4 4. Nxd4 a6 5. Be2 Nf6 6. Nc3 Bb4 7. Bg5 Qc7 8. 0-0 Bxc3 9. Bxf6 gxf6 10. bxc3 Qxc3 11. Re1 Nc6 12. Nxc6 bxc6 13. Rb1 d5 14. exd5 cxd5 15. Bf3 0-0 16. Qc1 f5 17. Rb3 Qf6 18. c4 dxc4 19. Qxc4 Ra7 20. Rb8 Qd8 21. Rc1 Rd7 22. Rxc8 Rd1+ 23. Rxd1 Qxc8 24. Qxc8 Rxc8 25. g3 Rc2 26. a4 a5 27. Rd8+ Kg7 28. Ra8 Rc5 29. Be2 Kg6 30. Bb5 Kg5 31. Kg2 h5 32. h4+ Kf6 33. Rxa5 Ke5 34. Ra7 f6 35. Rh7 f4 36. Rxh5+ f5 37. gxf4+ Kxf4 38. Bd7 Kg4 39. Rh8 e5 40. h5 Kg5 41. h6 f4 42. h7 Kg6 43. Bf5+ Kxf5 44. Rf8+ 1-0

[Event "Hradec Kralove op"]
[Site "Hradec Kralove"]
[Date "2015.10.07"]
[Round "4"]
[White "Baraniuk, Andrej"]
[Black "Pulpan, Matej"]
[Result "1/2-1/2"]
[WhiteElo "1579"]
[BlackElo "1937"]
[PlyCount "72"]
[EventDate "2015.10.04"]
[EventType "swiss"]
[EventRounds "9"]
[EventCountry "CZE"]
[SourceTitle "CBM 168 Extra"]
[Source "ChessBase"]
[SourceDate "2015.10.29"]
[SourceVersion "1"]
[SourceVersionDate "2015.10.29"]
[SourceQuality "1"]

1. e4 e6 2. d4 d5 3. Nd2 Be7 4. Bd3 Nf6 5. e5 Nfd7 6. Ne2 c5 7. c3 Nc6 8. Nf3 f6 9. exf6 Bxf6 10. Be3 cxd4 11. cxd4 e5 12. dxe5 Ndxe5 13. Nxe5 Nxe5 14. Bb5+ Nc6 15. Qd2 0-0 16. 0-0 a6 17. Bxc6 bxc6 18. Rac1 Bd7 19. Bd4 Rc8 20. Qc3 c5 21. Bxf6 Rxf6 22. b3 Bb5 23. Rfe1 d4 24. Nxd4 Qd5 25. Nxb5 axb5 26. Re5 Qd6 27. Rxc5 Ra8 28. Rc8+ Rxc8 29. Qxc8+ Rf8 30. Qc5 Qd2 31. f3 Re8 32. Rf1 Re2 33. Qc8+ Kf7 34. Qf5+ Kg8 35. Qc8+ Kf7 36. Qf5+ Kg8 1/2-1/2

[Event "Orlova op-A 12th"]
[Site "Orlova"]
[Date "2015.05.28"]
[Round "5"]
[White "Kolar, Stanislav"]
[Black "Baraniuk, Andrej"]
[Result "1-0"]
[WhiteElo "2080"]
[BlackElo "1657"]
[PlyCount "131"]
[EventDate "2015.05.24"]
[EventType "swiss"]
[EventRounds "9"]
[EventCountry "CZE"]
[SourceTitle "CBM 166 Extra"]
[Source "ChessBase"]
[SourceDate "2015.06.18"]
[SourceVersion "1"]
[SourceVersionDate "2015.06.18"]
[SourceQuality "1"]

1. Nf3 d5 2. g3 c6 3. Bg2 Bg4 4. 0-0 Nf6 5. d3 Nbd7 6. Nbd2 e5 7. e4 dxe4 8. dxe4 Qc7 9. h3 Bh5 10. Qe2 Be7 11. b3 0-0 12. Bb2 Rfe8 13. a4 a5 14. Rfe1 Bb4 15. Rad1 Rad8 16. c3 Bc5 17. Nf1 Qb6 18. Qc2 h6 19. Ne3 Bg6 20. Nc4 Qc7 21. Ba3 Bxa3 22. Nxa3 Nc5 23. Rxd8 Rxd8 24. Nh4 Qd6 25. Nxg6 fxg6 26. Nc4 Qc7 27. Bf1 Kh7 28. f3 Ne6 29. Rd1 b5 30. Rxd8 Nxd8 31. Nb2 Ne6 32. Kg2 b4 33. Nc4 c5 34. Qd3 bxc3 35. Qxc3 Nd4 36. Nxa5 Qb6 37. Nc4 Qc7 38. a5 Nd7 39. Ne3 Qb8 40. Bc4 Qa7 41. Nd5 Nb8 42. Qa1 Nbc6 43. a6 Nc2 44. Qa4 N2d4 45. Nc3 Qa8 46. Bd5 Qf8 47. f4 exf4 48. Qa1 fxg3 49. Qf1 Qxf1+ 50. Kxf1 g5 51. Kg2 Kg6 52. Bxc6 Nxc6 53. Nb5 Kf6 54. Kxg3 Ke5 55. Kf3 h5 56. a7 Nxa7 57. Nxa7 g4+ 58. hxg4 hxg4+ 59. Ke3 g5 60. Nc6+ Kd6 61. Na5 Kc7 62. Nc4 Kd8 63. Kf2 Ke7 64. Kg3 Kf6 65. Kxg4 Kg6 66. e5 1-0

[Event "Orlova op-A 12th"]
[Site "Orlova"]
[Date "2015.05.24"]
[Round "1"]
[White "Plischki, Sebastian"]
[Black "Baraniuk, Andrej"]
[Result "1-0"]
[WhiteElo "2394"]
[BlackElo "1657"]
[PlyCount "65"]
[EventDate "2015.05.24"]
[EventType "swiss"]
[EventRounds "9"]
[EventCountry "CZE"]
[SourceTitle "CBM 166 Extra"]
[Source "ChessBase"]
[SourceDate "2015.06.18"]
[SourceVersion "1"]
[SourceVersionDate "2015.06.18"]
[SourceQuality "1"]

1. e4 c5 2. Nf3 e6 3. d4 cxd4 4. Nxd4 a6 5. Nc3 Qc7 6. g3 g6 7. Bg2 Bg7 8. 0-0 Ne7 9. Be3 0-0 10. Qd2 Re8 11. Rad1 Nbc6 12. f4 b5 13. Nb3 Rd8 14. f5 exf5 15. Nd5 Nxd5 16. exd5 Bb7 17. dxc6 dxc6 18. Qc1 Rxd1 19. Rxd1 Rd8 20. c3 a5 21. Rxd8+ Qxd8 22. Qd2 Qc7 23. Bf4 Qb6+ 24. Qe3 Qxe3+ 25. Bxe3 a4 26. Na5 Ba8 27. Nxc6 Bxc6 28. Bxc6 b4 29. cxb4 Bxb2 30. b5 Be5 31. b6 a3 32. b7 Bb8 33. Kg2 1-0

[Event "Liberec op 15th"]
[Site "Liberec"]
[Date "2015.02.17"]
[Round "5"]
[White "Baraniuk, Andrej"]
[Black "Berger, Volkmar"]
[Result "0-1"]
[WhiteElo "1658"]
[BlackElo "1801"]
[PlyCount "78"]
[EventDate "2015.02.14"]
[EventType "swiss"]
[EventRounds "9"]
[EventCountry "CZE"]
[SourceTitle "CBM 164 Extra"]
[Source "ChessBase"]
[SourceDate "2015.03.02"]
[SourceVersion "1"]
[SourceVersionDate "2015.03.02"]
[SourceQuality "1"]

1. b4 e5 2. Bb2 Bxb4 3. Bxe5 Nf6 4. Nf3 Nc6 5. Bb2 d5 6. e3 0-0 7. Be2 Bg4 8. 0-0 Ne4 9. c3 Bd6 10. d3 Nf6 11. Nbd2 Bf5 12. Re1 Ng4 13. e4 dxe4 14. dxe4 Be6 15. h3 Nge5 16. Nd4 Bxh3 17. N2f3 Bd7 18. Qd2 Bg4 19. Nxe5 Nxe5 20. f4 Qh4 21. Bxg4 Nxg4 22. Nf3 Bc5+ 23. Kf1 Qh1+ 24. Ke2 Qxg2+ 25. Kd1 Rad8 26. Nd4 Qxd2+ 27. Kxd2 Bxd4 28. cxd4 Nf6 29. Rac1 c6 30. Rc5 Rfe8 31. Kd3 Rd5 32. Re2 Rh5 33. Re3 Rh4 34. d5 Nh5 35. f5 Nf4+ 36. Kd4 cxd5 37. exd5 Ng2+ 38. Re4 Rhxe4+ 39. Kd3 Re3+ 0-1

[Event "Plzen op 6th"]
[Site "Plzen"]
[Date "2014.11.24"]
[Round "2"]
[White "Prachar, Josef"]
[Black "Baraniuk, Andrej"]
[Result "1-0"]
[WhiteElo "1884"]
[BlackElo "1681"]
[PlyCount "83"]
[EventDate "2014.11.23"]
[EventType "swiss"]
[EventRounds "7"]
[EventCountry "CZE"]
[SourceTitle "CBM 163 Extra"]
[Source "ChessBase"]
[SourceDate "2014.12.23"]
[SourceVersion "1"]
[SourceVersionDate "2014.12.23"]
[SourceQuality "1"]

1. d4 d5 2. c4 c6 3. Nf3 Nf6 4. Nc3 e6 5. Bg5 h6 6. Bxf6 Qxf6 7. e3 b6 8. Qc2 Bd6 9. cxd5 cxd5 10. Nxd5 exd5 11. Qxc8+ Qd8 12. Qxd8+ Kxd8 13. Bd3 Nd7 14. Ba6 Nf6 15. 0-0 Ke7 16. Rac1 Rhd8 17. h3 Rab8 18. a4 Nd7 19. Rc2 f6 20. Rfc1 Nf8 21. g3 Ne6 22. Kg2 g5 23. Ne1 Rd7 24. Rc8 Rd8 25. Nd3 Rbxc8 26. Rxc8 Nc7 27. Rxd8 Kxd8 28. Bb7 Kd7 29. b4 a6 30. a5 b5 31. Nc5+ Bxc5 32. dxc5 Ke6 33. f4 h5 34. Kf3 Kf5 35. Bc8+ Kg6 36. f5+ Kf7 37. e4 Ke7 38. exd5 Nxd5 39. Bxa6 Nxb4 40. Bxb5 Kd8 41. a6 Kc7 42. Ke4 1-0

[Event "Brno op 5th"]
[Site "Brno"]
[Date "2014.11.19"]
[Round "6"]
[White "Baraniuk, Andrej"]
[Black "Bata, Jiri"]
[Result "1-0"]
[WhiteElo "1681"]
[BlackElo "1589"]
[PlyCount "113"]
[EventDate "2014.11.15"]
[EventType "swiss"]
[EventRounds "9"]
[EventCountry "CZE"]
[SourceTitle "CBM 163 Extra"]
[Source "ChessBase"]
[SourceDate "2014.12.23"]
[SourceVersion "1"]
[SourceVersionDate "2014.12.23"]
[SourceQuality "1"]

1. Nf3 Nf6 2. g3 d5 3. c4 dxc4 4. Qa4+ c6 5. Qxc4 Nbd7 6. Bg2 Nb6 7. Qc2 Bd7 8. e4 h6 9. 0-0 e6 10. d4 Be7 11. Nc3 a6 12. b3 Rc8 13. Bb2 0-0 14. Rac1 Qc7 15. Rfd1 Rfd8 16. Qe2 Qb8 17. Rc2 Be8 18. Rcd2 Qc7 19. a3 c5 20. d5 exd5 21. exd5 Bd6 22. Ne4 Nxe4 23. Qxe4 Bd7 24. Qc2 c4 25. Qc3 f6 26. Rc1 Qb8 27. Qa5 Qc7 28. Bd4 Na8 29. Qxc7 Rxc7 30. b4 Rdc8 31. Rdc2 b5 32. Re1 Rb7 33. Nd2 Bf5 34. Rc3 Nb6 35. Ne4 Bxe4 36. Bxe4 Na4 37. Rcc1 Re7 38. Bc2 Rce8 39. Kf1 Rxe1+ 40. Rxe1 Rxe1+ 41. Kxe1 Kf8 42. Bxa4 bxa4 43. Kd2 Ke7 44. Kc3 Kd7 45. Kxc4 Kc7 46. f4 Kd7 47. Bb6 Ke7 48. Bc5 Kd7 49. Kd4 f5 50. Kc4 Kc7 51. Bd4 g6 52. Bg7 h5 53. h4 Kb6 54. Bd4+ Kc7 55. Be5 Kd7 56. Bxd6 Kxd6 57. Kd4 1-0

[Event "Brno Duras op-B"]
[Site "Brno"]
[Date "2014.07.04"]
[Round "7"]
[White "Doskar, Miloslav"]
[Black "Baraniuk, Andrej"]
[Result "0-1"]
[WhiteElo "1703"]
[BlackElo "1678"]
[PlyCount "100"]
[EventDate "2014.06.28"]
[EventType "swiss"]
[EventRounds "9"]
[EventCountry "CZE"]
[SourceTitle "EXT 2017"]
[Source "ChessBase"]
[SourceDate "2016.10.25"]
[SourceVersion "1"]
[SourceVersionDate "2016.10.25"]
[SourceQuality "1"]

1. d4 d5 2. c4 c6 3. Nf3 Nf6 4. Nc3 e6 5. e3 Nbd7 6. Qc2 Bd6 7. Bd3 dxc4 8. Bxc4 b5 9. Bd3 Bb7 10. e4 e5 11. 0-0 0-0 12. h3 Re8 13. Be3 a6 14. Rfd1 Qc7 15. Rac1 Rac8 16. Qb1 Qb8 17. a3 c5 18. d5 c4 19. Bc2 h6 20. Ne2 Kh7 21. Ng3 g6 22. Rf1 Bc5 23. Rce1 Qd6 24. Qc1 Ng8 25. Nh2 Ndf6 26. f4 exf4 27. Bxc5 Qxc5+ 28. Kh1 fxg3 29. Ng4 Qe7 30. Qf4 Kg7 31. Nxf6 Nxf6 32. Qxg3 Qe5 33. Qf3 Rcd8 34. g4 g5 35. b4 Rd6 36. Qf2 Re7 37. Rg1 Bc8 38. Qc5 Bb7 39. Rgf1 Nd7 40. Qa7 Nf8 41. Rf5 Qc3 42. Qf2 Qxh3+ 43. Kg1 Qxg4+ 44. Kf1 Ng6 45. Qd4+ Kg8 46. Qc5 Qh3+ 47. Kf2 Qh2+ 48. Kf1 Nh4 49. Rf2 Qe5 50. Rf5 Nxf5 0-1

[Event "Brno Duras op-B"]
[Site "Brno"]
[Date "2014.07.02"]
[Round "5"]
[White "Barak, David"]
[Black "Baraniuk, Andrej"]
[Result "1/2-1/2"]
[WhiteElo "1409"]
[BlackElo "1678"]
[PlyCount "51"]
[EventDate "2014.06.28"]
[EventType "swiss"]
[EventRounds "9"]
[EventCountry "CZE"]
[SourceTitle "EXT 2017"]
[Source "ChessBase"]
[SourceDate "2016.10.25"]
[SourceVersion "1"]
[SourceVersionDate "2016.10.25"]
[SourceQuality "1"]

1. d4 d5 2. Bg5 c6 3. e3 Qb6 4. Qc1 Bf5 5. Nf3 Nd7 6. c4 e6 7. c5 Qa5+ 8. Qc3 Qxc3+ 9. Nxc3 Ngf6 10. h3 Ne4 11. Nxe4 Bxe4 12. Kd2 Be7 13. Bf4 0-0 14. Bd3 Bxd3 15. Kxd3 Rfc8 16. Ne5 Nxe5+ 17. Bxe5 f6 18. Bg3 Bd8 19. b4 Bc7 20. Bxc7 Rxc7 21. a3 a6 22. f4 Re7 23. Rhe1 e5 24. f5 exd4 25. exd4 Rae8 26. Rxe7 1/2-1/2

[Event "Brno op 4th"]
[Site "Brno"]
[Date "2013.11.22"]
[Round "8"]
[White "Baraniuk, Andrej"]
[Black "Kacalek, Tomas"]
[Result "1-0"]
[WhiteElo "1673"]
[BlackElo "1760"]
[PlyCount "51"]
[EventDate "2013.11.16"]
[EventType "swiss"]
[EventRounds "9"]
[EventCountry "CZE"]
[SourceTitle "CBM 157 Extra"]
[Source "ChessBase"]
[SourceDate "2013.12.19"]
[SourceVersion "1"]
[SourceVersionDate "2013.12.19"]
[SourceQuality "1"]

1. Nf3 c5 2. c4 g6 3. Nc3 Bg7 4. e4 Nc6 5. g3 d6 6. Bg2 Bg4 7. h3 Bd7 8. 0-0 Qc8 9. Kh2 h5 10. d3 Nh6 11. Bxh6 Rxh6 12. Qd2 h4 13. g4 Rh8 14. Nd5 e6 15. Ne3 e5 16. a3 Nd4 17. Nxd4 cxd4 18. Nd5 Qd8 19. Rab1 a5 20. b4 a4 21. b5 Bh6 22. Qe2 Rc8 23. f4 Rc5 24. fxe5 Rxd5 25. exd5 Be3 26. Qf3 1-0

[Event "Brno op 4th"]
[Site "Brno"]
[Date "2013.11.19"]
[Round "5"]
[White "Baraniuk, Andrej"]
[Black "Strnad, Jiri"]
[Result "1-0"]
[WhiteElo "1673"]
[BlackElo "1683"]
[PlyCount "63"]
[EventDate "2013.11.16"]
[EventType "swiss"]
[EventRounds "9"]
[EventCountry "CZE"]
[SourceTitle "CBM 157 Extra"]
[Source "ChessBase"]
[SourceDate "2013.12.19"]
[SourceVersion "1"]
[SourceVersionDate "2013.12.19"]
[SourceQuality "1"]

1. Nf3 d5 2. d4 Nc6 3. e3 Bg4 4. Nbd2 Nf6 5. Be2 e6 6. 0-0 Bd6 7. b3 Ne4 8. Bb2 Nxd2 9. Nxd2 Bxe2 10. Qxe2 Ne7 11. c4 c6 12. Rac1 Rc8 13. Nf3 Ng6 14. g3 0-0 15. e4 dxe4 16. Qxe4 Be7 17. Rcd1 Re8 18. Ba1 Qa5 19. Rd2 Bf6 20. Rfd1 Qc7 21. h4 h6 22. h5 Nf8 23. Ne5 Bg5 24. Rd3 Nd7 25. Bc3 Nxe5 26. dxe5 Rcd8 27. Bb4 Rxd3 28. Rxd3 c5 29. Bd2 Bxd2 30. Rxd2 b6 31. Rd6 Kf8 32. Qd3 1-0